000
00257nam a2200097Ia 4500
008
220204s9999 xx 000 0 und d
082
_a
058(540)
_b
IND
245
0
_a
India: A reference annual 1974
260
_a
India
_b
Ministry of Information
_c
1974
942
_c
BK
999
_c
22662
_d
22662